000 00659cam a2200217 04500
001 2327
005 20180414185737.0
035 _a(bn)9197
090 _a2327
100 _a19801001g19779999m y0pory5003 ba
200 1 _aDoutrina, v.3
_fPadre Américo
205 _a1<U+00AA> ed
210 _aPaço de Sousa, Penafiel
_cCasa do Gaiato,
_dimp. 1980
215 _a265p.
_d18 cm
327 0 _a2<U+00BA> v.: VIII, 268, 1 p. - Cota do 1<U+00BA> v.: S.C. 18295 P. ;
_a3<U+00BA> v.: imp. 1980. - 265, [4] p.
600 _aPadre Américo
601 _aCasa do Gaiato,
675 _a361/362
_vmed
_zpor
700 0 _aAmérico,
_cPadre,
_f1887-1956
801 0 _aPT
_bBN
_gRPC
942 _cBK